000 008690000a22002050004500
020 _a84-7914-158-1
041 0 _aSPA
082 0 4 _aG 253 M5389d
100 1 _aMendizabal, Luis María
245 1 0 _aDirección espiritual : Teoría y práctica / Luis María Mendizabal
260 _aMadrid : Biblioteca de Autores Cristianos
300 _a368 Pág.
505 0 0 _a- Teología de la dirección espiritual - La entrevista direccional - Educación de las actitudes cristianas - Introducción a la determinación espiritual y discernimiento de espíritus - Discernimiento y ayuda en momentos críticos - El director como médico de las enfermades del espíritu
650 1 4 _aTEOLOGIA PASTORAL \ CONSEJERIA PASTORAL
001 13802
942 _cBK
999 _c42744
_d42744
336 _atexto
_btxt
_2rdacontent
337 _2rdamedia
_asin mediación
_bn
338 _2rdacarrier
_avolumen
_bnc